[Event "GBR-ch105 Major Open"]
[Site "Hull"]
[Date "2018.07.29"]
[Round "2"]
[White "Robertson, Jim"]
[Black "Wilson, Matthew R"]
[Result "0-1"]
[WhiteElo "1604"]
[BlackElo "1816"]
[PlyCount "68"]
[EventDate "2018.07.28"]
[EventType "swiss"]
[EventRounds "9"]
[EventCountry "GBR"]
[SourceTitle "CBM 185 Extra"]
[Source "ChessBase"]
[SourceDate "2018.06.29"]
[SourceVersion "1"]
[SourceVersionDate "2018.06.29"]
[SourceQuality "1"]

1. d4 d5 2. e3 Nf6 3. Bd3 e6 4. f4 b6 5. Nf3 c5 6. c3 Bd6 7. Ne5 Bb7 8. Nd2 Nc6
9. O-O O-O 10. Qf3 Rc8 11. Nxc6 Bxc6 12. Qh3 b5 13. dxc5 Bxc5 14. Nb3 Bd6 15.
Nd4 Qb6 16. Nxc6 Rxc6 17. a3 Ne4 18. f5 Be5 19. Qf3 Qc7 20. Bxe4 dxe4 21. Qxe4
Bxh2+ 22. Kf2 exf5 23. Qh4 Rg6 24. Qh3 Bg3+ 25. Kg1 Rh6 26. Qxf5 Bh2+ 27. Kh1
Bg3+ 28. Kg1 Qe7 29. Qg4 Bh2+ 30. Kh1 Rh4 31. Qf3 Bg3+ 32. Kg1 Rh1+ 33. Kxh1
Qh4+ 34. Kg1 Qh2# 0-1

[Event "GBR-ch105 Major Open"]
[Site "Hull"]
[Date "2018.07.29"]
[Round "2"]
[White "Ruane, Brendan J"]
[Black "Thatte, Nishchal"]
[Result "1-0"]
[WhiteElo "1868"]
[BlackElo "1748"]
[PlyCount "179"]
[EventDate "2018.07.28"]
[EventType "swiss"]
[EventRounds "9"]
[EventCountry "GBR"]
[SourceTitle "CBM 185 Extra"]
[Source "ChessBase"]
[SourceDate "2018.06.29"]
[SourceVersion "1"]
[SourceVersionDate "2018.06.29"]
[SourceQuality "1"]

1. e4 e6 2. d3 d5 3. Nd2 c5 4. Ngf3 Nc6 5. g3 Nf6 6. Bg2 Be7 7. O-O O-O 8. e5
Nd7 9. Re1 Qc7 10. Qe2 b6 11. Nf1 Bb7 12. Bf4 Rfd8 13. h4 Nf8 14. h5 h6 15.
N1h2 Rac8 16. c3 d4 17. c4 a6 18. Ng4 b5 19. b3 Nh7 20. Nd2 Nb4 21. Ne4 Bxe4
22. Bxe4 Ng5 23. Bg2 Rb8 24. a3 Nc6 25. Rab1 bxc4 26. bxc4 Na5 27. Qc2 Nc6 28.
Qa4 Rdc8 29. Rxb8 Nxb8 30. Bd2 Qd7 31. Qxd7 Nxd7 32. f4 Nh7 33. Bb7 Rb8 34.
Bxa6 Rb3 35. Nf2 Rxa3 36. Bb5 Ra2 37. Ne4 f5 38. exf6 Ndxf6 39. Nxf6+ Bxf6 40.
Re2 Ra3 41. Rxe6 Rxd3 42. Be1 Kf7 43. Re2 Rd1 44. Kf2 Rb1 45. Be8+ Kg8 46. Bg6
Ra1 47. Re8+ Nf8 48. Ke2 Ra7 49. Kd3 Re7 50. Rxe7 Bxe7 51. Be8 Ne6 52. Ke4 Kf8
53. Bg6 Nc7 54. Ba5 Na6 55. Kd5 Bf6 56. Kc6 Be7 57. Kb7 Nb4 58. Bxb4 cxb4 59.
Kb6 Bd8+ 60. Kc5 Ke7 61. Kxd4 Kd6 62. c5+ Kc6 63. Kc4 Bf6 64. Kxb4 Bd4 65. Be4+
Kc7 66. Kc4 Bf2 67. g4 Bg3 68. f5 Bh4 69. Kd5 Bf6 70. Ke6 Bg5 71. Kf7 Bf6 72.
g5 Bd4 73. gxh6 gxh6 74. c6 Kd6 75. f6 Ba1 76. Kg6 Be5 77. Kf5 Bh2 78. Bf3 Bg3
79. Kg6 Be5 80. Kf5 Bg3 81. f7 Ke7 82. Bd5 Kf8 83. Ke6 Bh2 84. Kd7 Bg3 85. c7
Bxc7 86. Kxc7 Ke7 87. Kc6 Kf8 88. Kd7 Kg7 89. Ke8 Kh7 90. Ke7 1-0

[Event "GBR-ch105 Major Open"]
[Site "Hull"]
[Date "2018.07.29"]
[Round "2"]
[White "Rushbrooke, Remy"]
[Black "Turner, Tim M"]
[Result "1/2-1/2"]
[WhiteElo "1889"]
[BlackElo "1805"]
[PlyCount "46"]
[EventDate "2018.07.28"]
[EventType "swiss"]
[EventRounds "9"]
[EventCountry "GBR"]
[SourceTitle "CBM 185 Extra"]
[Source "ChessBase"]
[SourceDate "2018.06.29"]
[SourceVersion "1"]
[SourceVersionDate "2018.06.29"]
[SourceQuality "1"]

1. Nf3 Nf6 2. g3 g6 3. d4 Bg7 4. Bg2 O-O 5. c4 d6 6. Nc3 Nc6 7. O-O e5 8. dxe5
dxe5 9. Qa4 Be6 10. Rd1 Qc8 11. Bg5 Nd7 12. Nd2 Nb6 13. Qc2 Nd4 14. Qd3 f6 15.
Be3 Rd8 16. Bxd4 Rxd4 17. Qf3 c6 18. b3 Qf8 19. Nde4 Rad8 20. e3 Rxd1+ 21. Rxd1
Rxd1+ 22. Qxd1 Qe7 23. Qd6 Bf8 1/2-1/2

[Event "GBR-ch105 Major Open"]
[Site "Hull"]
[Date "2018.07.29"]
[Round "2"]
[White "Shaw, Peter"]
[Black "McCarthy, Damian"]
[Result "1-0"]
[WhiteElo "2093"]
[BlackElo "1867"]
[PlyCount "65"]
[EventDate "2018.07.28"]
[EventType "swiss"]
[EventRounds "9"]
[EventCountry "GBR"]
[SourceTitle "CBM 185 Extra"]
[Source "ChessBase"]
[SourceDate "2018.06.29"]
[SourceVersion "1"]
[SourceVersionDate "2018.06.29"]
[SourceQuality "1"]

1. d4 d5 2. c4 c6 3. Nf3 Nf6 4. e3 e6 5. Nc3 Nbd7 6. Qc2 Bd6 7. b3 O-O 8. Be2
b6 9. O-O Qe7 10. e4 Nxe4 11. Nxe4 dxe4 12. Qxe4 Bb7 13. Bb2 f5 14. Qe3 c5 15.
Rad1 Rad8 16. Ne5 cxd4 17. Bxd4 Nxe5 18. Bxe5 Bc5 19. Qg3 Be4 20. Bf4 Rxd1 21.
Rxd1 Rd8 22. Rxd8+ Qxd8 23. Be5 Qd7 24. Qc3 a5 25. Qb2 Qe7 26. Qd2 Bb4 27. Qd1
Qg5 28. g3 Qe7 29. Bf3 Qb7 30. Qd8+ Kf7 31. Bh5+ g6 32. Qf6+ Kg8 33. Qh8+ 1-0

[Event "GBR-ch105 Major Open"]
[Site "Hull"]
[Date "2018.07.29"]
[Round "2"]
[White "Starley, Robert"]
[Black "Gardiner, Eric D"]
[Result "1-0"]
[WhiteElo "2107"]
[BlackElo "1939"]
[PlyCount "77"]
[EventDate "2018.07.28"]
[EventType "swiss"]
[EventRounds "9"]
[EventCountry "GBR"]
[SourceTitle "CBM 185 Extra"]
[Source "ChessBase"]
[SourceDate "2018.06.29"]
[SourceVersion "1"]
[SourceVersionDate "2018.06.29"]
[SourceQuality "1"]

1. e4 d6 2. d4 Nf6 3. Nc3 e5 4. Nf3 Nbd7 5. Bc4 Be7 6. O-O O-O 7. Re1 c6 8. a4
a5 9. h3 Nb6 10. Bf1 exd4 11. Nxd4 d5 12. e5 Ne8 13. Bd3 g6 14. Bh6 Ng7 15. Qd2
f6 16. exf6 Bxf6 17. Nf3 Nd7 18. Rad1 Nc5 19. Bf1 Bf5 20. Nd4 Bd7 21. b3 Re8
22. Rxe8+ Qxe8 23. Re1 Qf7 24. Be3 Nce6 25. Nce2 Nxd4 26. Bxd4 Bxd4 27. Nxd4 b6
28. Nf3 Qf6 29. Ne5 Rd8 30. c4 Bc8 31. cxd5 cxd5 32. Bb5 Bb7 33. Ng4 Qd6 34.
Nh6+ Kf8 35. Qd4 Bc8 36. Re3 Bf5 37. Rf3 Rc8 38. g4 Rc1+ 39. Kg2 1-0

[Event "GBR-ch105 Major Open"]
[Site "Hull"]
[Date "2018.07.29"]
[Round "2"]
[White "Tomy, Jeff"]
[Black "Sivarajasingam, Venetia"]
[Result "0-1"]
[WhiteElo "1683"]
[BlackElo "1843"]
[PlyCount "70"]
[EventDate "2018.07.28"]
[EventType "swiss"]
[EventRounds "9"]
[EventCountry "GBR"]
[SourceTitle "CBM 185 Extra"]
[Source "ChessBase"]
[SourceDate "2018.06.29"]
[SourceVersion "1"]
[SourceVersionDate "2018.06.29"]
[SourceQuality "1"]

1. Nf3 d5 2. g3 Nf6 3. Bg2 e6 4. O-O Be7 5. d3 O-O 6. c3 c5 7. Qc2 Nc6 8. Nbd2
b6 9. e4 Qc7 10. Re1 Ba6 11. e5 Nd7 12. d4 cxd4 13. cxd4 Rac8 14. Kh1 Nb4 15.
Qxc7 Rxc7 16. Rg1 Rfc8 17. Nb3 Nd3 18. Rf1 Rc2 19. Nfd2 Nxb2 20. Rg1 Nd3 21.
Rf1 Bb4 22. a3 Nxc1 23. axb4 Bxf1 24. Bxf1 Nxb3 25. Nxb3 Rxf2 26. Bb5 Nf8 27.
Kg1 Rb2 28. Ba4 b5 29. Nc5 bxa4 30. Rxa4 Nd7 31. Rxa7 Nxc5 32. bxc5 Rb4 33. c6
Rxd4 34. Rd7 Rc4 35. c7 R4xc7 0-1

[Event "GBR-ch105 Major Open"]
[Site "Hull"]
[Date "2018.07.29"]
[Round "2"]
[White "Verma, Shlok"]
[Black "Holton, Jake"]
[Result "0-1"]
[WhiteElo "1623"]
[BlackElo "1901"]
[PlyCount "76"]
[EventDate "2018.07.28"]
[EventType "swiss"]
[EventRounds "9"]
[EventCountry "GBR"]
[SourceTitle "CBM 185 Extra"]
[Source "ChessBase"]
[SourceDate "2018.06.29"]
[SourceVersion "1"]
[SourceVersionDate "2018.06.29"]
[SourceQuality "1"]

1. d4 Nf6 2. c4 e6 3. Nc3 Bb4 4. a3 Bxc3+ 5. bxc3 c5 6. Nf3 O-O 7. e3 b6 8. Bd3
Bb7 9. O-O d6 10. a4 Nbd7 11. Ba3 Ne4 12. Qc2 f5 13. Nd2 Nxd2 14. Qxd2 Qg5 15.
f3 h5 16. Rad1 Nf6 17. Qf2 h4 18. Bc1 h3 19. g3 Qh5 20. Rde1 Bc6 21. Bc2 a5 22.
Qe2 Qe8 23. Qd1 d5 24. Ba3 dxc4 25. dxc5 Rd8 26. Qa1 Rd2 27. Rf2 Rxf2 28. Kxf2
Bxf3 29. Kxf3 Qc6+ 30. Ke2 Qg2+ 31. Kd1 Rd8+ 32. Kc1 Qd2+ 33. Kb2 Ne4 34. Qc1
Qxc3+ 35. Ka2 Rd2 36. Bb2 Rxc2 37. Qb1 Qb3+ 38. Ka1 Nc3 0-1

[Event "GBR-ch105 Major Open"]
[Site "Hull"]
[Date "2018.07.29"]
[Round "2"]
[White "Volovich, Julia"]
[Black "Yoon, Jacob D"]
[Result "1/2-1/2"]
[WhiteElo "1651"]
[BlackElo "2039"]
[PlyCount "118"]
[EventDate "2018.07.28"]
[EventType "swiss"]
[EventRounds "9"]
[EventCountry "GBR"]
[SourceTitle "CBM 185 Extra"]
[Source "ChessBase"]
[SourceDate "2018.06.29"]
[SourceVersion "1"]
[SourceVersionDate "2018.06.29"]
[SourceQuality "1"]

1. d4 e6 2. c4 d5 3. Nc3 c6 4. Nf3 dxc4 5. e4 Bb4 6. Bxc4 b5 7. Bd3 Nd7 8. Qc2
Bb7 9. a3 Be7 10. O-O h6 11. e5 a6 12. b4 Qc7 13. Ne4 Nb6 14. Nfd2 Nd5 15. Nc5
Bxc5 16. bxc5 Nge7 17. Ne4 Nf5 18. Nd6+ Nxd6 19. cxd6 Qd7 20. Bd2 Rc8 21. Ba5
O-O 22. Be4 Ba8 23. Rac1 f6 24. Qc5 Bb7 25. g3 f5 26. Bxd5 cxd5 27. Bc7 f4 28.
f3 Rce8 29. g4 h5 30. h3 hxg4 31. hxg4 g6 32. Rf2 Kg7 33. Rh2 Rh8 34. Rcc2 Rxh2
35. Rxh2 Rh8 36. Qc2 Qc6 37. Qxc6 Bxc6 38. Rxh8 Kxh8 39. Bd8 Kg7 40. Bg5 a5 41.
Bxf4 b4 42. axb4 axb4 43. Bc1 Kf7 44. Kf2 Bb5 45. Kg3 Be2 46. f4 Ke8 47. f5
gxf5 48. gxf5 Kd7 49. f6 Ke8 50. Kh4 Bb5 51. Kg5 Kf7 52. Kf4 Ke8 53. Ke3 Bc4
54. Kd2 Bb5 55. Kc2 Ba4+ 56. Kb2 Bd1 57. Bd2 b3 58. Bb4 Bh5 59. Kxb3 Bg6
1/2-1/2

[Event "GBR-ch105 Major Open"]
[Site "Hull"]
[Date "2018.07.29"]
[Round "2"]
[White "Willow, Jonah B"]
[Black "Jaufarally, Nadia"]
[Result "1-0"]
[WhiteElo "2265"]
[BlackElo "1988"]
[PlyCount "161"]
[EventDate "2018.07.28"]
[EventType "swiss"]
[EventRounds "9"]
[EventCountry "GBR"]
[SourceTitle "CBM 185 Extra"]
[Source "ChessBase"]
[SourceDate "2018.06.29"]
[SourceVersion "1"]
[SourceVersionDate "2018.06.29"]
[SourceQuality "1"]

1. e4 c5 2. Nf3 g6 3. d4 cxd4 4. Nxd4 Nc6 5. c4 Nf6 6. Nc3 d6 7. Be2 Nxd4 8.
Qxd4 Bg7 9. Be3 O-O 10. Qd2 Be6 11. Rc1 Qa5 12. O-O Rfc8 13. b3 a6 14. f4 b5
15. f5 Bd7 16. c5 b4 17. Nd5 Nxd5 18. Qxd5 Bc6 19. Qd1 dxc5 20. fxg6 hxg6 21.
Rxc5 Qxa2 22. Bc4 e6 23. Qg4 Bb5 24. e5 Bxc4 25. Qxc4 Rxc5 26. Bxc5 Qd2 27.
Bxb4 Qe3+ 28. Kh1 Qxe5 29. Qc6 Rb8 30. Bd6 Qb5 31. Qf3 Rb7 32. Rc1 Qxb3 33. Qc6
Qb5 34. Qc8+ Kh7 35. Bf4 Qd7 36. Qc4 Qd4 37. Qf1 Rb2 38. Bg3 Rd2 39. Re1 Qd5
40. h3 Qd3 41. Qf4 Qd5 42. Rg1 e5 43. Qh4+ Kg8 44. Kh2 e4 45. Qe7 e3 46. Bf4
Bd4 47. Kh1 Qe6 48. Qg5 Bf6 49. Qg3 Rd3 50. Re1 Bd4 51. Kh2 Qe4 52. Rb1 e2 53.
Qh4 Rxh3+ 54. gxh3 Qxb1 55. Qd8+ Kh7 56. Qh4+ Kg7 57. Bh6+ Kg8 58. Qxd4 Qb8+
59. Kg2 Qb7+ 60. Kf2 f5 61. Kxe2 Qg2+ 62. Kd1 Qf3+ 63. Kc2 Qe2+ 64. Bd2 Qe6 65.
Bc3 Qe2+ 66. Kb3 Qb5+ 67. Ka3 Kf8 68. Qg7+ Ke8 69. Qxg6+ Kd8 70. Qd6+ Kc8 71.
h4 Qc4 72. Qf8+ Kc7 73. Ba5+ Kd7 74. Qd8+ Kc6 75. Qc8+ Kd5 76. Qxc4+ Kxc4 77.
h5 f4 78. h6 f3 79. Bb6 f2 80. Bxf2 Kb5 81. h7 1-0

[Event "GBR-ch105 Major Open"]
[Site "Hull"]
[Date "2018.07.30"]
[Round "3"]
[White "Brewer, Callum D"]
[Black "Volovich, Julia"]
[Result "1-0"]
[WhiteElo "2064"]
[BlackElo "1651"]
[PlyCount "67"]
[EventDate "2018.07.28"]
[EventType "swiss"]
[EventRounds "9"]
[EventCountry "GBR"]
[SourceTitle "CBM 185 Extra"]
[Source "ChessBase"]
[SourceDate "2018.06.29"]
[SourceVersion "1"]
[SourceVersionDate "2018.06.29"]
[SourceQuality "1"]

1. e4 e6 2. d4 d5 3. Nc3 dxe4 4. Nxe4 Nd7 5. g3 Ngf6 6. Nxf6+ Nxf6 7. Bg2 c5 8.
Nf3 cxd4 9. Qxd4 Qxd4 10. Nxd4 Bc5 11. Nb3 Bb6 12. O-O O-O 13. c4 Bc7 14. Be3
a5 15. Rfd1 Bd7 16. Bxb7 Rab8 17. Nc5 Rfd8 18. Bf3 Be5 19. Bd4 Bxd4 20. Rxd4 e5
21. Nxd7 exd4 22. Nxb8 Rxb8 23. Rd1 Rd8 24. Bd5 Rb8 25. Rxd4 Rxb2 26. Bc6 Kf8
27. a4 Rb8 28. Bb5 Ke7 29. Kg2 Rb6 30. c5 Re6 31. c6 Re5 32. Rc4 Re4 33. Rc2
Nd5 34. c7 1-0

[Event "GBR-ch105 Major Open"]
[Site "Hull"]
[Date "2018.07.30"]
[Round "3"]
[White "Cawston, M John"]
[Black "Orgler, Philipp"]
[Result "1/2-1/2"]
[WhiteElo "1871"]
[BlackElo "2050"]
[PlyCount "106"]
[EventDate "2018.07.28"]
[EventType "swiss"]
[EventRounds "9"]
[EventCountry "GBR"]
[SourceTitle "CBM 185 Extra"]
[Source "ChessBase"]
[SourceDate "2018.06.29"]
[SourceVersion "1"]
[SourceVersionDate "2018.06.29"]
[SourceQuality "1"]

1. d4 d5 2. c4 Nc6 3. Nf3 e5 4. dxe5 d4 5. g3 Nge7 6. Bg2 Ng6 7. Qa4 Bd7 8. Qd1
Be6 9. Nbd2 Qd7 10. O-O Bh3 11. e6 Bxe6 12. Ng5 Be7 13. Nxe6 Qxe6 14. b3 Bf6
15. Rb1 O-O 16. Ne4 Be7 17. Bg5 Rad8 18. Bxe7 Qxe7 19. Qd2 Kh8 20. Qg5 Qxg5 21.
Nxg5 h6 22. Bxc6 bxc6 23. Nf3 Rfe8 24. Rfe1 c5 25. Rbd1 Ne5 26. Nxe5 Rxe5 27.
Rd3 Rde8 28. Kf1 a5 29. Rf3 f6 30. Rd3 Kh7 31. Rd2 h5 32. h4 g5 33. hxg5 fxg5
34. Rd3 Kg6 35. Rf3 h4 36. gxh4 gxh4 37. e3 Kg5 38. Ke2 Re4 39. Rg1+ Rg4 40.
Rh1 Rge4 41. Rg1+ Rg4 42. Rh1 Re7 43. Rf8 dxe3 44. Rg8+ Kf5 45. Rf8+ Ke5 46.
Kxe3 a4 47. f3 Rd4 48. f4+ Kd6+ 49. Kf3 Rd3+ 50. Kg4 Rg7+ 51. Kf5 axb3 52. axb3
h3 53. Kf6 Rdg3 1/2-1/2

[Event "GBR-ch105 Major Open"]
[Site "Hull"]
[Date "2018.07.30"]
[Round "3"]
[White "Collins, Jonathan L"]
[Black "Boswell, Jacob Connor"]
[Result "0-1"]
[WhiteElo "1804"]
[BlackElo "1992"]
[PlyCount "90"]
[EventDate "2018.07.28"]
[EventType "swiss"]
[EventRounds "9"]
[EventCountry "GBR"]
[SourceTitle "CBM 185 Extra"]
[Source "ChessBase"]
[SourceDate "2018.06.29"]
[SourceVersion "1"]
[SourceVersionDate "2018.06.29"]
[SourceQuality "1"]

1. e4 e5 2. d4 exd4 3. f4 b6 4. Nf3 Bb7 5. Bd3 Nc6 6. a3 d5 7. e5 Qd7 8. b4 Nh6
9. O-O O-O-O 10. Bb2 f6 11. b5 Ne7 12. Nxd4 fxe5 13. fxe5 Ng6 14. e6 Qe8 15.
Kh1 Bc5 16. Nc6 Bxc6 17. bxc6 d4 18. Be4 Qxe6 19. Qd3 Kb8 20. Nd2 Ne5 21. Qb5
Nhf7 22. Qa6 Qc8 23. Qxc8+ Rxc8 24. Nb3 Nd6 25. Nxc5 bxc5 26. Bd5 Rhf8 27. Rfb1
Ka8 28. c3 d3 29. c4 Ndxc4 30. Bxe5 Nxe5 31. Rb7 Rcd8 32. Bb3 d2 33. Kg1 Nxc6
34. Rxc7 Nd4 35. Bd1 Rc8 36. Rxg7 c4 37. Rb1 Rb8 38. Rxb8+ Kxb8 39. Rd7 Rf4 40.
g3 Re4 41. Kf2 c3 42. Rd5 Re1 43. Rd8+ Kb7 44. Rd7+ Kb6 45. Rxd4 Rxd1 0-1

[Event "GBR-ch105 Major Open"]
[Site "Hull"]
[Date "2018.07.30"]
[Round "3"]
[White "Cowan, Richard M"]
[Black "Janiszewski, Maciej"]
[Result "1-0"]
[WhiteElo "1865"]
[BlackElo "2130"]
[PlyCount "49"]
[EventDate "2018.07.28"]
[EventType "swiss"]
[EventRounds "9"]
[EventCountry "GBR"]
[SourceTitle "CBM 185 Extra"]
[Source "ChessBase"]
[SourceDate "2018.06.29"]
[SourceVersion "1"]
[SourceVersionDate "2018.06.29"]
[SourceQuality "1"]

1. e4 d5 2. exd5 Nf6 3. d4 Bg4 4. f3 Bf5 5. c4 e6 6. Nc3 exd5 7. g4 Be6 8. g5
Ng8 9. Qb3 Ne7 10. Qxb7 Nbc6 11. Nb5 Kd7 12. Bf4 Rc8 13. O-O-O Ng6 14. cxd5
Nxf4 15. Qxc6+ Ke7 16. dxe6 fxe6 17. Bc4 Kf7 18. Nh3 Bd6 19. Nxf4 Bxf4+ 20. Kb1
Re8 21. h4 a6 22. Nc3 Rb8 23. Qe4 Qd6 24. Qxh7 Rh8 25. g6+ 1-0

[Event "GBR-ch105 Major Open"]
[Site "Hull"]
[Date "2018.07.30"]
[Round "3"]
[White "Davis, Holden"]
[Black "Robertson, Jim"]
[Result "1-0"]
[WhiteElo "1782"]
[BlackElo "1604"]
[PlyCount "61"]
[EventDate "2018.07.28"]
[EventType "swiss"]
[EventRounds "9"]
[EventCountry "GBR"]
[SourceTitle "CBM 185 Extra"]
[Source "ChessBase"]
[SourceDate "2018.06.29"]
[SourceVersion "1"]
[SourceVersionDate "2018.06.29"]
[SourceQuality "1"]

1. e4 c6 2. d4 d5 3. e5 c5 4. dxc5 e6 5. Be3 Bd7 6. Nf3 Nc6 7. c3 Nge7 8. Bd3
Qc7 9. Bd4 Ng6 10. Bxg6 hxg6 11. Nbd2 a5 12. O-O Be7 13. a4 f6 14. Qc2 O-O-O
15. Rfe1 f5 16. Rab1 g5 17. Nf1 Rh5 18. b4 g4 19. Ng3 Rhh8 20. b5 gxf3 21. bxc6
Bxc6 22. Rb6 f4 23. Nf1 Rh6 24. Qd2 g5 25. Reb1 Rdh8 26. g3 Bd8 27. Qd3 g4 28.
gxf4 Qf7 29. Rxc6+ bxc6 30. Qa6+ Kd7 31. Rb7+ 1-0

[Event "GBR-ch105 Major Open"]
[Site "Hull"]
[Date "2018.07.30"]
[Round "3"]
[White "Easwar, Dhruv"]
[Black "Ramaiya, Anshu"]
[Result "0-1"]
[WhiteElo "1793"]
[BlackElo "1846"]
[PlyCount "76"]
[EventDate "2018.07.28"]
[EventType "swiss"]
[EventRounds "9"]
[EventCountry "GBR"]
[SourceTitle "CBM 185 Extra"]
[Source "ChessBase"]
[SourceDate "2018.06.29"]
[SourceVersion "1"]
[SourceVersionDate "2018.06.29"]
[SourceQuality "1"]

1. e4 c5 2. c3 d5 3. exd5 Nf6 4. d4 Nxd5 5. dxc5 Nc6 6. Nf3 Bg4 7. Be2 e6 8.
Qa4 Bxf3 9. Bxf3 Bxc5 10. Qb5 Bb6 11. Bxd5 exd5 12. Qe2+ Qe7 13. Qxe7+ Kxe7 14.
O-O Rhe8 15. b3 f6 16. Nd2 Ne5 17. Ba3+ Kf7 18. Rad1 Rac8 19. Nb1 Rcd8 20. Bb2
Re6 21. Na3 Ng4 22. c4 Nxf2 23. Rxf2 dxc4 24. Rdf1 Re2 25. Nxc4 Rxf2 26. Nxb6
Rxf1+ 27. Kxf1 axb6 28. Ke2 Ke6 29. Ke3 b5 30. Bd4 g5 31. g4 f5 32. gxf5+ Kxf5
33. Bb6 Rd7 34. Kf3 h5 35. h3 Rd3+ 36. Be3 g4+ 37. hxg4+ hxg4+ 38. Ke2 Ke4 0-1

[Event "GBR-ch105 Major Open"]
[Site "Hull"]
[Date "2018.07.30"]
[Round "3"]
[White "Gardiner, Eric D"]
[Black "Johnson, Paul A"]
[Result "1-0"]
[WhiteElo "1939"]
[BlackElo "1842"]
[PlyCount "117"]
[EventDate "2018.07.28"]
[EventType "swiss"]
[EventRounds "9"]
[EventCountry "GBR"]
[SourceTitle "CBM 185 Extra"]
[Source "ChessBase"]
[SourceDate "2018.06.29"]
[SourceVersion "1"]
[SourceVersionDate "2018.06.29"]
[SourceQuality "1"]

1. e4 e5 2. Nf3 Nc6 3. d4 exd4 4. Nxd4 Nf6 5. Nxc6 bxc6 6. e5 Qe7 7. Qe2 Nd5 8.
c4 Nb6 9. Nc3 Qd8 10. Qe4 g6 11. Bd3 Bg7 12. h4 O-O 13. Bf4 d5 14. cxd5 Bf5 15.
Qf3 Bxd3 16. Qxd3 cxd5 17. O-O-O c6 18. h5 g5 19. h6 Bh8 20. Qg3 f6 21. exf6
Qxf6 22. Be3 Qg6 23. Bd4 Rae8 24. Bxh8 Kxh8 25. f3 Nc4 26. Rd4 Ne3 27. Rd2 Re7
28. Qh2 Rfe8 29. Qh5 Re6 30. Qxg6 Rxg6 31. Re2 Rge6 32. Rhe1 Kg8 33. Nd1 d4 34.
Nxe3 dxe3 35. Kc2 Kf7 36. Kd3 Rxh6 37. Rxe3 Rd6+ 38. Kc3 Rxe3+ 39. Rxe3 h5 40.
Re5 Rd5 41. Rxd5 cxd5 42. b4 Ke6 43. a4 Ke5 44. b5 g4 45. fxg4 hxg4 46. a5 d4+
47. Kd3 Kd5 48. b6 axb6 49. axb6 Kc6 50. Kxd4 Kxb6 51. Ke4 Kc6 52. Kf4 Kd6 53.
Kxg4 Ke6 54. Kg5 Kf7 55. Kh6 Kg8 56. Kg6 Kh8 57. g4 Kg8 58. g5 Kh8 59. Kf7 1-0

[Event "GBR-ch105 Major Open"]
[Site "Hull"]
[Date "2018.07.30"]
[Round "3"]
[White "Garnett, John S"]
[Black "Akeya Price, Robert A"]
[Result "1-0"]
[WhiteElo "1916"]
[BlackElo "1820"]
[PlyCount "97"]
[EventDate "2018.07.28"]
[EventType "swiss"]
[EventRounds "9"]
[EventCountry "GBR"]
[SourceTitle "CBM 185 Extra"]
[Source "ChessBase"]
[SourceDate "2018.06.29"]
[SourceVersion "1"]
[SourceVersionDate "2018.06.29"]
[SourceQuality "1"]

1. d4 Nf6 2. Bg5 e6 3. e4 Be7 4. e5 Nd5 5. Bxe7 Nxe7 6. c4 d5 7. Nf3 Nd7 8. Nc3
c6 9. cxd5 exd5 10. Bd3 Nb6 11. Qc2 Bg4 12. O-O-O Qd7 13. h3 Bf5 14. g4 Bxd3
15. Qxd3 O-O-O 16. Rhe1 Rhf8 17. Qxh7 g6 18. Qh4 Na8 19. Ng5 Nc7 20. Qg3 Ne6
21. Nh7 Rh8 22. Nf6 Qc7 23. Re2 Ng8 24. Nxg8 Rhxg8 25. Rc2 Qb6 26. Qe3 Kb8 27.
Ne2 Rd7 28. f4 Ng7 29. Qg3 Qd8 30. Qb3 Qb6 31. Qxb6 axb6 32. Rc3 Rh8 33. Rf1
Kc7 34. f5 gxf5 35. gxf5 Rh5 36. f6 Ne6 37. Nf4 Nxf4 38. Rxf4 Rd8 39. Re3 Kd7
40. Rb3 Kc7 41. Rg4 Rf8 42. Rg7 c5 43. e6 Rf5 44. e7 Re8 45. Rxf7 c4 46. Rg3
Kd7 47. Rf8 Rf4 48. Rxe8 Kxe8 49. Rg8+ 1-0

[Event "GBR-ch105 Major Open"]
[Site "Hull"]
[Date "2018.07.30"]
[Round "3"]
[White "Holton, Jake"]
[Black "Cooper, John G ENG"]
[Result "0-1"]
[WhiteElo "1901"]
[BlackElo "2192"]
[PlyCount "78"]
[EventDate "2018.07.28"]
[EventType "swiss"]
[EventRounds "9"]
[EventCountry "GBR"]
[SourceTitle "CBM 185 Extra"]
[Source "ChessBase"]
[SourceDate "2018.06.29"]
[SourceVersion "1"]
[SourceVersionDate "2018.06.29"]
[SourceQuality "1"]

1. d4 d5 2. c4 e6 3. Nc3 c5 4. cxd5 cxd4 5. Qxd4 Nc6 6. Qd1 exd5 7. Qxd5 Bd7 8.
a3 Nf6 9. Qd1 Bc5 10. e3 Qe7 11. Be2 O-O-O 12. Qc2 Kb8 13. Nf3 g5 14. b4 Bd6
15. Bb2 g4 16. Nd2 Ne5 17. Nc4 Nxc4 18. Bxc4 Bc6 19. Kf1 Rc8 20. Qb3 Ne4 21.
Rd1 Rhd8 22. b5 Nxc3 23. Bxc3 Bxg2+ 24. Kxg2 Qe4+ 25. Kg1 Rxc4 26. Be5 Kc7 27.
b6+ axb6 28. Bxd6+ Rxd6 29. Rxd6 Kxd6 30. Qxb6+ Kd7 31. Qb5+ Kc8 32. Qb2 Qc6
33. h3 Rc1+ 34. Qxc1 Qxc1+ 35. Kg2 Qc6+ 36. Kg1 g3 37. fxg3 Qf3 38. Rh2 Qxg3+
39. Rg2 Qxe3+ 0-1

[Event "GBR-ch105 Major Open"]
[Site "Hull"]
[Date "2018.07.30"]
[Round "3"]
[White "Jamroz, Viktor"]
[Black "Howell, Oliver W"]
[Result "1/2-1/2"]
[WhiteElo "1719"]
[BlackElo "1905"]
[PlyCount "162"]
[EventDate "2018.07.28"]
[EventType "swiss"]
[EventRounds "9"]
[EventCountry "GBR"]
[SourceTitle "CBM 185 Extra"]
[Source "ChessBase"]
[SourceDate "2018.06.29"]
[SourceVersion "1"]
[SourceVersionDate "2018.06.29"]
[SourceQuality "1"]

1. e4 e6 2. d4 d5 3. Bd3 c5 4. exd5 exd5 5. Nf3 Nc6 6. O-O Nf6 7. Re1+ Be7 8.
dxc5 O-O 9. Nc3 Bxc5 10. Bg5 Be6 11. a3 Re8 12. b4 Bb6 13. Qd2 d4 14. Na4 Bc7
15. Nc5 Bd5 16. Rxe8+ Qxe8 17. Bxf6 gxf6 18. Qh6 Bxf3 19. gxf3 Ne5 20. Bxh7+
Kh8 21. Be4+ Kg8 22. Qxf6 Qd8 23. Qxd8+ Rxd8 24. Nxb7 Rd7 25. Nc5 Rd6 26. Kg2
Ng6 27. Rg1 Kf8 28. Kf1 Nf4 29. Ke1 Rh6 30. Rh1 Rh3 31. Kd2 Ke7 32. Nd3 Nxd3
33. Kxd3 Be5 34. Kc4 Kd6 35. a4 Rh8 36. h3 Rc8+ 37. Kb3 Rc3+ 38. Ka2 Ke6 39.
Bd3 Bd6 40. Rb1 a5 41. Rb3 Bxb4 42. Rxc3 Bxc3 43. f4 Be1 44. f3 Bd2 45. Bc4+
Kf6 46. f5 Kg7 47. Kb3 f6 48. Bd5 Kh6 49. Kc4 Be3 50. f4 Kh5 51. Bf3+ Kh6 52.
Kd5 Kg7 53. Bh5 Kh6 54. Bg6 Kg7 55. h4 Bf2 56. h5 Be3 57. Ke4 Bf2 58. Kf3 Be1
59. Ke2 Bc3 60. Kd3 Kh6 61. Kc4 Kg7 62. Kd5 Kh6 63. Be8 Kg7 64. Bb5 Kh6 65. Be2
Kg7 66. Bd3 Bb2 67. Ke6 Bc1 68. h6+ Kxh6 69. Kxf6 Bxf4 70. Ke7 Bd2 71. f6 Bg5
72. Ke6 Bh4 73. Kf5 Be1 74. Ke5 Bf2 75. Kd5 Be3 76. Kd6 Bg5 77. f7 Kg7 78. Bc4
Kf8 79. Kd5 Be3 80. Kd6 Bf2 81. Kd7 Be3 1/2-1/2